| 000 | 00990nam a22002537a 4500 | ||
|---|---|---|---|
| 005 | 20170123162318.0 | ||
| 010 | _aA-678281 | ||
| 020 | _c60.00 | ||
| 035 | _aA-678281 | ||
| 037 | _bCen Lib/Ret | ||
| 040 |
_aDPL _bUR |
||
| 082 |
_a847.08 _bص د ی |
||
| 100 |
_a موحمد اکرامُ الدّین _9115596 |
||
| 245 |
_aرشید احمد سدیققی کے اسلوب کا تجزیاتی مطالع / _b موحمد اکرامُ الدّین |
||
| 246 |
_aRasheed Ahmad Sidiqi ke asloob ka tajziyati mutaalaa / _bby Mohammad Akramulddin |
||
| 260 |
_aنیی دہلی _bتخلیق کار پبلشرس _c1994 |
||
| 270 |
_bنیی دہلی _a۱۷۷۹، کوچها داکهنی رآیے داریاگانج _e110002 |
||
| 300 |
_a176p. _c21cm(Hb) |
||
| 650 |
_aاردو ادب _9115597 |
||
| 650 |
_aاردو سوانح عمری _9115598 |
||
| 650 |
_aUrdu literature _9115599 |
||
| 650 |
_aUrdu biography _9511 |
||
| 942 |
_2ddc _cUR _h847.08 _mص د ی |
||
| 999 |
_c106850 _d106850 |
||